| 000 | 01541nam0a2200337 4500 | ||
|---|---|---|---|
| 001 | RU\NLR\bibl\1318961 | ||
| 005 | 20260406133211.0 | ||
| 010 |
_a978-5-89966-790-9 _9500 |
||
| 021 |
_aRU _b2008-92483 _95416 |
||
| 035 | _a(NLR Aleph) 001304325 | ||
| 090 |
_a639226 _c639226 |
||
| 100 | _a20090122d2008 |||y0rusy50 ca | ||
| 101 | 0 | _arus | |
| 102 | _aRU | ||
| 105 | _ay ||||||||| | ||
| 200 | 1 |
_aФ. Ницше и осмысление культуры постмодерна _fГ.Э. Ирицян _gФедерал. агентство по образованию, ГОУ ВПО "Пятигор. гос. лингв. ун-т", Новорос. фил. |
|
| 210 |
_aНовороссийск _aПятигорск _cПятигорский государственный лингвистический университет _d2008 |
||
| 215 |
_a107 с. _d21 |
||
| 320 | _aБиблиогр.: с. 101-107 (206 назв.) и в подстроч. прим. | ||
| 600 | 1 |
_aНицше _bФ.В. _f1844 - 1900 _gФридрих Вильгельм _xКультурологические взгляды _92525604 _3RU\NLR\auth\661496280 |
|
| 686 | _aЮ3(4Г)6-649 | ||
| 686 | _aС550.2 | ||
| 700 | 1 |
_aИрицян _bГ. Э. _gГурген Эдмондович _4070 |
|
| 702 | 1 |
_4570 _8rus _7ca _aНицше _bФ. В. _f1844-1900 _gФридрих Вильгельм _3RU\NLR\auth\772013 _9112030 |
|
| 801 | 0 |
_aRU _bNLR _c20090122 _gRCR |
|
| 801 | 1 |
_aRU _bNLR _c20090122 |
|
| 830 | _aавт. по эк | ||
| 942 | _cBOOK | ||
| 980 | _aNB | ||
| 980 | _aNBR | ||